Countries that fought in WWII by Death Toll - Statistics

General Stats
  • This quiz has been taken 175 times
  • The average score is 10 of 26
Answer Stats
Allegiance Hint Answer % Correct
Axis 5.553.000 Nazi Germany
100%
Allies 9.750.000 Union of Soviet Socialist Republics
100%
Axis 2.120.000 Empire of Japan
86%
Allies 3.500.000 Republic of China
70%
Allies 416.800 United States of America
64%
Axis 319.200 Kingdom of Italy
63%
Allies 382.700 Great Britain
59%
Allies 217.600 French Third Republic / Free France
42%
Axis 300.000 Kingdom of Hungary
42%
Axis 300.000 Kingdom of Romania
42%
Allies 240.000 Republic of Poland
37%
Allies 446.000 Kingdom of Yugoslavia
35%
Independent 95.000 Republic of Finland
31%
Neutral (Axis Volunteers) 4.500 Francoist Spain
26%
Axis 22.000 Tsardom of Bulgaria
22%
Allies 39.800 Dominion of Australia
21%
Allies 45.300 Dominion of Canada
21%
Allies 12.100 Kingdom of Belgium
20%
Allies 21.000 Kingdom of the Netherlands
20%
Allies 87.000 British Raj
17%
Allies 3.000 Kingdom of Norway
17%
Allies 2.100 Kingdom of Denmark
16%
Allies 30.000 Kingdom of Greece
16%
Allies 11.900 Dominion of New Zealand
14%
Allies 11.900 Union of South Africa
10%
Allies 57.000 Republic of the Philippines
5%
No matching quizzes found
Score Distribution
Percent of People with Each Score
Percentile by Number Answered
Your Score History
You have not taken this quiz